| 000 | 00995nam a2200241Ia 4500 | ||
|---|---|---|---|
| 001 | 9967 | ||
| 003 | GE_BSU | ||
| 008 | 181216s||||||||xx |||||||||||||| ||und|| | ||
| 020 | _a9789941924071 | ||
| 040 | _cGE_BSU | ||
| 080 | _a821.353.1+821.353.1-32 | ||
| 100 | _aკაშია,ჯანრი | ||
| 245 | _aთხზულებანი ტ.4 პარისიკონი,მარტორქას თავგადასავალი | ||
| 245 | _bმხატვრული პროზა | ||
| 245 | _cრედ.ხათუნა თოდუა,თამარ თითმერია | ||
| 260 | _aთბილისი | ||
| 260 | _bქართული ბიოგრაფიული ცენტრი. | ||
| 260 | _c2013 | ||
| 300 | _a304გვ.ფოტო პორტრ.21სმ. | ||
| 653 | _aთხზულებანი | ||
| 653 | _aპარისიკონი,მარტორქას თავგადასავალი | ||
| 942 | _cBK | ||
| 999 |
_c43240 _d43240 |
||